000 00513nam a22001697a 4500
003 NUST - PNEC
005 20170116181146.0
008 151012b xxu||||| |||| 00| 0 eng d
020 _a0710604963
040 _cLIBRARY
082 _a955. 054 COR
100 _915009
_aCordesman, Anthony H.;
245 _aThe Iran-Iraq War and western security, 1984-87 : strategic implications and policy options
_cAnthony H.; Cordesman,
260 _cc1987.
650 _915013
_aUnited States
_xGeneral
942 _2ddc
_cBK
999 _c70712
_d70712